Migration, Ethnie und Geschlecht: Theorieansätze, Forschungsstand, Forschungsperspektiven
| Main Author: | |
|---|---|
| Contributors: | |
| Format: | Print Book |
| Language: | German |
| Published: |
Wiesbaden
VS, Verlag für Sozialwiss.
2004
|
| In: | Year: 2004 |
| Edition: | 1. Aufl. |
| Online Access: |
Table of Contents Table of Contents |
| Availability in Tübingen: | Present in Tübingen. IFK: O VI 133 |
| Check availability: | HBZ Gateway |
| Subito Delivery Service: | Order now. |
| Keywords: |
MARC
| LEADER | 00000cam a2200000 c 4500 | ||
|---|---|---|---|
| 001 | 360557090 | ||
| 003 | DE-627 | ||
| 005 | 20260206195116.0 | ||
| 007 | tu | ||
| 008 | 030211s2004 gw ||||| 00| ||ger c | ||
| 015 | |a 04,A34,0328 |2 dnb | ||
| 016 | 7 | |a 971701245 |2 DE-101 | |
| 020 | |a 9783810037541 |c : kt. : Eur 32,90 |9 978-3-8100-3754-1 | ||
| 020 | |a 3810037540 |c kt. : Eur 32,90 |9 3-8100-3754-0 | ||
| 024 | 3 | |a 9783810037541 | |
| 035 | |a (DE-627)360557090 | ||
| 035 | |a (DE-603)110469712 | ||
| 035 | |a (DE-576)106395114 | ||
| 035 | |a (DE-599)GBV360557090 | ||
| 035 | |a (OCoLC)237852369 | ||
| 035 | |a (OCoLC)57066509 | ||
| 035 | |a (AT-OBV)AC03774720 | ||
| 040 | |a DE-627 |b ger |c DE-627 |e rakwb | ||
| 041 | |a ger | ||
| 044 | |c XA-DE | ||
| 050 | 0 | |a DD74 | |
| 082 | 0 | |a 305.3089 |q Offline MPIB | |
| 082 | 0 | |a 305.800943 | |
| 082 | 0 | 4 | |a 300 |
| 084 | |a LB 44015 |2 rvk |0 (DE-625)rvk/90559:778 | ||
| 084 | |a RB 10594 |2 rvk |0 (DE-625)rvk/142220:12788 | ||
| 084 | |a MS 9300 |2 rvk |0 (DE-625)rvk/123832: | ||
| 084 | |a DU 6000 |2 rvk |0 (DE-625)rvk/20048:761 | ||
| 084 | |a MS 3600 |2 rvk |0 (DE-625)rvk/123685: | ||
| 084 | |a MS 1560 |2 rvk |0 (DE-625)rvk/123602: | ||
| 084 | |a MS 3000 |2 rvk |0 (DE-625)rvk/123652: | ||
| 084 | |a MS 3550 |2 rvk |0 (DE-625)rvk/123684: | ||
| 084 | |a DO 9000 |2 rvk |0 (DE-625)rvk/19769:761 | ||
| 084 | |a 71.62 |2 bkl | ||
| 084 | |a 74.80 |2 bkl | ||
| 084 | |a 71.31 |2 bkl | ||
| 090 | |a a | ||
| 100 | 1 | |a Bednarz-Braun, Iris |d 1950- |0 (DE-588)1031881859 |0 (DE-627)737487968 |0 (DE-576)165942339 |4 aut | |
| 109 | |a Bednarz-Braun, Iris 1950- |a Braun, Iris Bednarz- 1950- |a Bednarz, Iris 1950- |a Braun, Iris B.- 1950- | ||
| 245 | 1 | 0 | |a Migration, Ethnie und Geschlecht |b Theorieansätze, Forschungsstand, Forschungsperspektiven |c Iris Bednarz-Braun; Ulrike Heß-Meining |
| 250 | |a 1. Aufl. | ||
| 264 | 1 | |a Wiesbaden |b VS, Verlag für Sozialwiss. |c 2004 | |
| 300 | |a 272 S. |b Tab. |c 21 cm | ||
| 336 | |a Text |b txt |2 rdacontent | ||
| 337 | |a ohne Hilfsmittel zu benutzen |b n |2 rdamedia | ||
| 338 | |a Band |b nc |2 rdacarrier | ||
| 490 | 0 | |a Schriften des Deutschen Jugendinstituts: Gender | |
| 500 | |a Literaturverz. S. [253] - 272 | ||
| 583 | 1 | |a Archivierung/Langzeitarchivierung gewährleistet |f SLG |x XA-DE-NI |z Bücherarchiv der GWV-Verlage |2 pdager |5 DE-84 | |
| 583 | 1 | |a Archivierung/Langzeitarchivierung gewährleistet |f PEHE |2 pdager |5 DE-43 | |
| 650 | 0 | 7 | |0 (DE-588)4071781-1 |0 (DE-627)104516690 |0 (DE-576)209184892 |a Geschlechtsunterschied |2 gnd |
| 650 | 0 | 7 | |0 (DE-588)4563270-4 |0 (DE-627)305138200 |0 (DE-576)213746735 |a Soziale Konstruktion |2 gnd |
| 650 | 0 | 7 | |0 (DE-588)4220764-2 |0 (DE-627)10459148X |0 (DE-576)210267585 |a Ethnizität |2 gnd |
| 650 | 0 | 7 | |0 (DE-588)4151434-8 |0 (DE-627)104262184 |0 (DE-576)20978816X |a Einwanderer |2 gnd |
| 650 | 0 | 7 | |0 (DE-588)4274900-1 |0 (DE-627)104453273 |0 (DE-576)210710551 |a Familienstruktur |2 gnd |
| 650 | 0 | 7 | |0 (DE-588)4006650-2 |0 (DE-627)106376810 |0 (DE-576)208866450 |a Bildung |2 gnd |
| 650 | 0 | 7 | |0 (DE-588)4055736-4 |0 (DE-627)104270470 |0 (DE-576)209115173 |a Soziale Ungleichheit |2 gnd |
| 650 | 4 | |a Women immigrants |x Germany |x Social conditions | |
| 650 | 4 | |a Geschlechtsunterschied | |
| 650 | 4 | |a Soziale Konstruktion | |
| 650 | 4 | |a Einwanderer | |
| 650 | 4 | |a Familienstruktur | |
| 650 | 4 | |a Soziale Ungleichheit | |
| 650 | 4 | |a Bildung | |
| 650 | 4 | |a Ethnizität | |
| 650 | 4 | |a Deutschland | |
| 650 | 4 | |a Geschlechterforschung, Frauenforschung, Mobilität, Berufsausbildung, Einleitung, Geschlechterverhältnis, Geschlechterrolle | |
| 651 | 7 | |a Deutschland |2 gnd | |
| 651 | 7 | |0 (DE-588)4011882-4 |0 (DE-627)104704861 |0 (DE-576)208896155 |a Deutschland |2 gnd | |
| 651 | 4 | |a Germany |x Emigration and immigration |x Social aspects | |
| 651 | 4 | |a Germany |x Ethnic relations | |
| 689 | 0 | 0 | |d s |0 (DE-588)4071781-1 |0 (DE-627)104516690 |0 (DE-576)209184892 |a Geschlechtsunterschied |2 gnd |
| 689 | 0 | 1 | |d s |0 (DE-588)4563270-4 |0 (DE-627)305138200 |0 (DE-576)213746735 |a Soziale Konstruktion |2 gnd |
| 689 | 0 | |5 DE-101 | |
| 689 | 1 | 0 | |d s |0 (DE-588)4220764-2 |0 (DE-627)10459148X |0 (DE-576)210267585 |a Ethnizität |2 gnd |
| 689 | 1 | |5 DE-101 | |
| 689 | 2 | 0 | |d g |0 (DE-588)4011882-4 |0 (DE-627)104704861 |0 (DE-576)208896155 |a Deutschland |2 gnd |
| 689 | 2 | 1 | |d s |0 (DE-588)4151434-8 |0 (DE-627)104262184 |0 (DE-576)20978816X |a Einwanderer |2 gnd |
| 689 | 2 | 2 | |d s |0 (DE-588)4274900-1 |0 (DE-627)104453273 |0 (DE-576)210710551 |a Familienstruktur |2 gnd |
| 689 | 2 | |5 DE-101 | |
| 689 | 3 | 0 | |d s |0 (DE-588)4006650-2 |0 (DE-627)106376810 |0 (DE-576)208866450 |a Bildung |2 gnd |
| 689 | 3 | |5 DE-101 | |
| 689 | 4 | 0 | |d s |0 (DE-588)4055736-4 |0 (DE-627)104270470 |0 (DE-576)209115173 |a Soziale Ungleichheit |2 gnd |
| 689 | 4 | |5 DE-101 | |
| 689 | 5 | 0 | |d s |0 (DE-588)4120730-0 |0 (DE-627)105774456 |0 (DE-576)209537477 |a Migration |2 gnd |
| 689 | 5 | |5 (DE-627) | |
| 700 | 1 | |a Heß-Meining, Ulrike |0 (DE-627)1255769491 |0 (DE-576)185769497 |4 oth | |
| 776 | 1 | |z 9783322809124 | |
| 856 | 4 | 2 | |u https://swbplus.bsz-bw.de/bsz106395114inh.htm |m V:DE-576 |v 2006-10-31 |3 Inhaltsverzeichnis |7 1 |
| 856 | 4 | 2 | |u http://scans.hebis.de/HEBCGI/show.pl?11046971_toc.pdf |m V:DE-603;B:DE-17 |q application/pdf |3 Inhaltsverzeichnis |7 1 |
| 935 | |i sf | ||
| 936 | r | v | |a LB 44015 |b Deutschland insgesamt |k Sozial- und Kulturanthropologie. Empirische Kulturwissenschaft |k Soziale und politische Organisation und Praxis |k Ethnologische Geschlechter- und Sexualitätsforschung |k Europa |k Mitteleuropa |k Deutschland |k Deutschland insgesamt |0 (DE-627)1271477947 |0 (DE-625)rvk/90559:778 |0 (DE-576)201477947 |
| 936 | r | v | |a RB 10594 |b Aus-und Einwanderung, Rückwanderung |k Geografie |k Nicht regional gebundene Darstellungen |k Allgemeine Geografie |k Anthropogeografie |k Bevölkerungsgeografie |k Derzeitige Bevölkerungsverhältnisse |k Aus-und Einwanderung, Rückwanderung |0 (DE-627)1271506513 |0 (DE-625)rvk/142220:12788 |0 (DE-576)201506513 |
| 936 | r | v | |a MS 9300 |b Einzelfragen |k Soziologie |k Spezielle Soziologien |k Soziologie der Ethnologie |k Einzelfragen |0 (DE-627)1271441950 |0 (DE-625)rvk/123832: |0 (DE-576)201441950 |
| 936 | r | v | |a DU 6000 |b Allgemeines und Deutschland |k Pädagogik |k Pädagogische Soziologie |k Bildungschancen und kompensatorische Erziehung |k Allgemeines und Deutschland |0 (DE-627)1270738844 |0 (DE-625)rvk/20048:761 |0 (DE-576)200738844 |
| 936 | r | v | |a MS 3600 |b Emigranten, Immigranten, Geflüchtete |k Soziologie |k Spezielle Soziologien |k Soziologie der Minoritäten und Randgruppen |k Emigranten, Immigranten, Geflüchtete |0 (DE-627)1270927078 |0 (DE-625)rvk/123685: |0 (DE-576)200927078 |
| 936 | r | v | |a MS 1560 |b Horizontale Mobilität |k Soziologie |k Spezielle Soziologien |k Soziale Mobilität |k Horizontale Mobilität |0 (DE-627)1271300710 |0 (DE-625)rvk/123602: |0 (DE-576)201300710 |
| 936 | r | v | |a MS 3000 |b Allgemeines |k Soziologie |k Spezielle Soziologien |k Soziologische Geschlechterforschung (Gender Studies) |k Spezielle Forschungsgebiete der soziologischen Geschlechterforschung |k Allgemeines |0 (DE-627)1270705695 |0 (DE-625)rvk/123652: |0 (DE-576)200705695 |
| 936 | r | v | |a MS 3550 |b Ausländer, Arbeitsmigrant |k Soziologie |k Spezielle Soziologien |k Soziologie der Minoritäten und Randgruppen |k Ausländer, Arbeitsmigrant |0 (DE-627)1271086611 |0 (DE-625)rvk/123684: |0 (DE-576)201086611 |
| 936 | r | v | |a DO 9000 |b Allgemeines und Deutschland |k Pädagogik |k Spezialfragen des gesamten Schulsystems |k Ausländerpädagogik und interkulturelle Erziehung |k Allgemeines und Deutschland |0 (DE-627)1270705628 |0 (DE-625)rvk/19769:761 |0 (DE-576)200705628 |
| 936 | b | k | |a 71.62 |j Ethnische Beziehungen |0 (DE-627)106410423 |
| 936 | b | k | |a 74.80 |j Demographie |x Geographie |0 (DE-627)106412140 |
| 936 | b | k | |a 71.31 |j Geschlechter und ihr Verhalten |0 (DE-627)106412655 |
| 936 | s | n | |a d100 |2 mzub |
| 936 | s | n | |a m200 |2 mzub |
| 951 | |a BO | ||
| ELC | |b 1 | ||
| LOK | |0 000 xxxxxcx a22 zn 4500 | ||
| LOK | |0 001 3120324523 | ||
| LOK | |0 003 DE-627 | ||
| LOK | |0 004 360557090 | ||
| LOK | |0 005 20100407233719 | ||
| LOK | |0 008 041124||||||||||||||||ger||||||| | ||
| LOK | |0 040 |a DE-21-110 |c DE-627 |d DE-21-110 | ||
| LOK | |0 541 |e 04/463 | ||
| LOK | |0 689 |a s |0 1311118861 |a Migration | ||
| LOK | |0 689 |a s |0 131141584X |a Ethnie | ||
| LOK | |0 689 |a s |0 1311118608 |a Geschlecht | ||
| LOK | |0 689 |a s |0 1311119809 |a Soziologie | ||
| LOK | |0 689 |a s |0 1311169873 |a Geschlechterforschung | ||
| LOK | |0 852 |a DE-21-110 | ||
| LOK | |0 852 1 |c O VI 133 |m p |9 00 | ||
| LOK | |0 936ln |a 7.3.3.2 | ||
| LOK | |0 938 |k p | ||
| LOK | |0 939 |a 24-11-04 |b l01 | ||
| ORI | |a SA-MARC-krimdoka001.raw | ||
| SIG | |a IFK: O VI 133 | ||
| TIM | |a 100019901003_100020261231 |b 1990-10-03 - 2026 | ||
